The UK ITV franchisees since 1955 Quiz Stats

 Plays Quiz not verified by Sporcle

Challenge
Share
Tweet
Score 0/26 Timer 10:00
0 Plays Today
Franchise slot Franchise % Correct
London Weekend, 1968-presentLondon Weekend
92.9%
The North West of England, 1968-presentGranada Television
90.9%
The North and North West Weekdays, 1956-1968Granada Television
90.9%
London Weekday, 1968-1992Thames Television
86.6%
The Borders, and (until 2009) the Isle of ManBorder Television
85.4%
The Midlands, 1982-presentCentral Independent Television
85.4%
The East of EnglandAnglia Television
85.4%
Yorkshire and Lincolnshire, 1968-presentYorkshire Television
85.4%
Northern ScotlandGrampian Television
84.2%
The North East of EnglandTyne Tees Television
83%
Wales and The West of England, 1968-presentHTV
83%
Central ScotlandScottish Television
82.6%
The Channel IslandsChannel Television
81.8%
Franchise slot Franchise % Correct
Northern IrelandUlster Television
79.4%
London Weekend, 1955-1968Associated TeleVision
78.7%
London Weekday, 1993-presentCarlton Television
78.7%
The Midlands, 1955-1982Associated TeleVision
78.7%
The South and South East of England, 1993-presentMeridian Broadcasting
76.3%
The South and South East of England, 1982-1992Television South
70%
The South and South East of England, 1955-1981Southern Television
69.6%
The South West of England, 1993-presentWestcountry Television
65.2%
The South West of England, 1955-1981Westward Television
64%
The South West of England, 1982-1992Television South West
62.8%
London Weekday, 1955-1968Associated-Rediffusion
58.5%
Wales and The West of England, 1955-1968TWW
54.9%
The North and North West Weekends, 1956-1968Associated British Corporation
54.2%

You're not logged in!

Compare scores with friends on all Sporcle quizzes.
OR
Log In

You Might Also Like...

Show Comments

Extras

Created Sep 29, 2009ReportNominate
Tags:1955, franchise, itv, Slot Machine

Top Quizzes Today


Score Distribution

Your Account Isn't Verified!

In order to create a playlist on Sporcle, you need to verify the email address you used during registration. Go to your Sporcle Settings to finish the process.

Report this User

Report this user for behavior that violates our Community Guidelines.

Details: